Atlas sanačných metód environmentálnych záťaží

Saved in:
Bibliographic Details
Main Authors: Frankovská, Jana, 1963- (Author), Slaninka, Igor (Author), Kordík, Jozef (Author)
Format: Kit Book
Language:Slovak
Published: Bratislava : Štátny geologický ústav Dionýza Štúra, 2010
Tags: Add Tag
No Tags, Be the first to tag this record!

MARC

LEADER 00000npm a22000003a 4500
001 stu224829
005 20150617230124.1
008 110503s2010----xo------------------slo-d
020 |a 978-80-89343-38-6 
040 |a STU  |b slo 
041 0 |a slo 
044 |a xo 
080 |a 658.168 
080 |a 504.75  |7 A000002950 
100 1 |a Frankovská, Jana,  |d 1963-  |4 aut  |u V150  |U SvF Stavebná fakulta  |T SvF Katedra geotechniky  |X 3849  |U V150  |Y 15  |7 A000003849 
245 1 |a Atlas sanačných metód environmentálnych záťaží 
260 |a Bratislava :  |b Štátny geologický ústav Dionýza Štúra,  |c 2010 
300 |a CD 
700 1 |a Slaninka, Igor  |4 aut 
700 1 |a Kordík, Jozef  |4 aut 
996 |b 284V031336  |c V*327/A  |l VVT  |s A  |a 24  |w stu224829_0001